Alfārābī's philosophische abhandlungen /
Main Author:
Other Authors:
Format: Book
Language:
German
Arabic
Published:
Leiden :
E.J. Brill,
1892.
Subjects:
Tags: Add Tag
Call Number: ( R )B753 .F32 G44 1892
| LEADER | 00925cam a2200313Ii 4500 | ||
|---|---|---|---|
| 001 | ocm02945794 | ||
| 003 | OSt | ||
| 005 | 20250910125748.0 | ||
| 008 | 141023s1892 ne 000 0 ger | ||
| 010 | |a 32016369 | ||
| 035 | |a (OCoLC)2945794 |z (OCoLC)476065765 | ||
| 040 | |c ARCE Library | ||
| 041 | 1 | |a ger |h ara | |
| 043 | |a ff----- |a aw----- | ||
| 050 | 4 | |a ( R )B753 .F32 G44 1892 | |
| 100 | 0 | |a Fārābī. | |
| 245 | 1 | 0 | |a Alfārābī's philosophische abhandlungen / |c Aus dem arabischen übersetzt von dr. Fr. Dieterici. |
| 264 | 1 | |a Leiden : |b E.J. Brill, |c 1892. | |
| 300 | |a xlvii, 223 pages ; |c 24 cm. | ||
| 336 | |2 rdacontent |a text |b txt | ||
| 337 | |2 rdamedia |a unmediated |b n | ||
| 338 | |2 rdacarrier |a volume |b n | ||
| 650 | 0 | |a Philosophy, Arab. | |
| 650 | 0 | |a Islamic philosophy. | |
| 700 | 1 | |a Dieterici, Friedrich. | |
| 880 | 0 | 4 | |6 600-00/(3/r |a فارابي. |
| 901 | |a reviewed | ||
| 942 | |2 lcc |c BK | ||
| 999 | |c 61141 |d 61141 | ||
